[Event "Malmo op"]
[Site "Malmo"]
[Date "2016.12.17"]
[Round "4"]
[White "Petkovic, Peter"]
[Black "Ernst, Thomas"]
[Result "0-1"]
[WhiteElo "2109"]
[BlackElo "2358"]
[PlyCount "112"]
[EventDate "2016.12.16"]
[EventType "swiss"]
[EventRounds "7"]
[EventCountry "SWE"]
[SourceTitle "CBM 176 Extra"]
[Source "ChessBase"]
[SourceDate "2017.03.02"]
[SourceVersion "1"]
[SourceVersionDate "2017.03.02"]
[SourceQuality "1"]

1. e4 c5 2. Nf3 e6 3. d4 cxd4 4. Nxd4 a6 5. Bd3 Bc5 6. Nb3 Be7 7. c4 d6 8. Nc3 Nf6 9. Qe2 Nbd7 10. f4 Qc7 11. Be3 b6 12. g4 h6 13. 0-0-0 Bb7 14. Rhg1 Nc5 15. Nxc5 bxc5 16. g5 hxg5 17. fxg5 Nd7 18. g6 Ne5 19. gxf7+ Kxf7 20. Bf4 Bf6 21. Rdf1 Ke7 22. Bc2 Raf8 23. Bg5 Kd8 24. h4 Bxg5+ 25. Rxg5 Rxf1+ 26. Qxf1 Qe7 27. Qg2 g6 28. Qg3 Rf8 29. Bd1 Qf6 30. h5 gxh5 31. Rxh5 Nxc4 32. Be2 Ne5 33. Rh7 Kc8 34. a4 Qf4+ 35. Qxf4 Rxf4 36. Kd2 Rf7 37. Rh8+ Kd7 38. Ke3 d5 39. exd5 exd5 40. Kd2 d4 41. Nd1 Rg7 42. Rh5 Kd6 43. Rh6+ Rg6 44. Rh7 Bc8 45. Nf2 c4 46. Bf1 Rg1 47. Bh3 Bxh3 48. Nxh3 Rg2+ 49. Kc1 Nd3+ 50. Kb1 Rxb2+ 51. Ka1 c3 52. Rh6+ Kc5 53. Ng5 c2 54. Ne4+ Kd5 55. Nf6+ Kc4 56. Rh1 Rb4 0-1

[Event "Politiken Cup 31st"]
[Site "Helsingor"]
[Date "2009.07.23"]
[Round "7"]
[White "Petkovic, Peter"]
[Black "Greeuw, Sietske"]
[Result "1-0"]
[WhiteElo "2149"]
[BlackElo "1968"]
[PlyCount "73"]
[EventDate "2009.07.18"]
[EventType "swiss"]
[EventRounds "10"]
[EventCountry "DEN"]
[SourceTitle "CBM 131 Extra"]
[Source "ChessBase"]
[SourceDate "2009.09.03"]
[SourceVersion "2"]
[SourceVersionDate "2009.09.16"]
[SourceQuality "1"]

1. e4 c5 2. Nf3 Nc6 3. d4 cxd4 4. Nxd4 e5 5. Nb5 d6 6. N1c3 a6 7. Na3 b5 8. Nd5 Nge7 9. Be3 Nxd5 10. Qxd5 Qc7 11. c4 Be6 12. Qd2 d5 13. Nc2 dxc4 14. Be2 Rd8 15. Qc1 Nd4 16. Bd1 Nxc2+ 17. Bxc2 Bb4+ 18. Ke2 0-0 19. Rd1 c3 20. b3 Rxd1 21. Qxd1 Rd8 22. Qe1 Kh8 23. Rd1 Rd2+ 24. Bxd2 cxd2 25. Rxd2 g6 26. Rd8+ Qxd8 27. Qxb4 Kg7 28. Qc5 Qf6 29. f3 Bd7 30. b4 Be6 31. a3 Qf4 32. g3 Qg5 33. Bd3 Qh5 34. h4 Kf6 35. Qf8 Bh3 36. Ke3 Bg2 37. g4 1-0

[Event "Politiken Cup 31st"]
[Site "Helsingor"]
[Date "2009.07.20"]
[Round "4"]
[White "Larsen, Finn"]
[Black "Petkovic, Peter"]
[Result "0-1"]
[WhiteElo "1799"]
[BlackElo "2149"]
[PlyCount "58"]
[EventDate "2009.07.18"]
[EventType "swiss"]
[EventRounds "10"]
[EventCountry "DEN"]
[SourceTitle "CBM 131 Extra"]
[Source "ChessBase"]
[SourceDate "2009.09.03"]
[SourceVersion "2"]
[SourceVersionDate "2009.09.16"]
[SourceQuality "1"]

1. e4 c5 2. Nf3 d6 3. d4 cxd4 4. Nxd4 Nf6 5. Nc3 g6 6. Be2 Bg7 7. 0-0 0-0 8. Be3 Nc6 9. Nxc6 bxc6 10. Qd2 Rb8 11. Rab1 Qc7 12. f4 Rb4 13. Nd5 Nxd5 14. exd5 Rxb2 15. Rxb2 Bxb2 16. c3 Ba3 17. dxc6 Qxc6 18. Bxa7 Bf5 19. Bd1 Bc5+ 20. Bxc5 Qxc5+ 21. Kh1 Rc8 22. g4 Be4+ 23. Bf3 Qc6 24. Kg2 Ra8 25. Qb2 Qc4 26. Rf2 Bxf3+ 27. Kxf3 Rc8 28. Rc2 Qd3+ 29. Kf2 Rc4 0-1

[Event "Politiken Cup 24th"]
[Site "Copenhagen"]
[Date "2002.07.24"]
[Round "9"]
[White "Petkovic, Peter"]
[Black "Royset, Pal"]
[Result "1/2-1/2"]
[WhiteElo "2151"]
[BlackElo "2252"]
[PlyCount "138"]
[EventDate "2002.07.15"]
[EventType "swiss"]
[EventRounds "11"]
[EventCountry "DEN"]
[SourceTitle "CBM 089 Extra"]
[Source "ChessBase"]
[SourceDate "2002.09.10"]
[SourceVersion "2"]
[SourceVersionDate "2002.09.10"]
[SourceQuality "1"]

1. e4 c5 2. Nf3 e6 3. d4 cxd4 4. Nxd4 Nf6 5. Bd3 Nc6 6. Nxc6 bxc6 7. Qe2 d5 8. e5 Nd7 9. Nd2 Nc5 10. 0-0 a5 11. Re1 Be7 12. Qg4 g6 13. Nf3 Rb8 14. a3 h6 15. h4 Nxd3 16. cxd3 c5 17. h5 g5 18. Qa4+ Bd7 19. Qc2 Qb6 20. Bd2 a4 21. Rab1 Qb3 22. Qxb3 Rxb3 23. d4 c4 24. Re3 Bb5 25. Rxb3 cxb3 26. Rc1 Kd7 27. Ne1 Rb8 28. Bc3 f6 29. exf6 Bxf6 30. Nf3 Rc8 31. Bd2 Rc2 32. Rxc2 bxc2 33. Ne1 Bxd4 34. Bc1 Bc5 35. Nxc2 Be2 36. Be3 Bxe3 37. fxe3 Bxh5 38. Nd4 Kd6 39. b4 Be8 40. Kf2 h5 41. Kg3 e5 42. Nf3 g4 43. Nd2 Bg6 44. Kh4 d4 45. e4 Kc6 46. Kg5 Kb5 47. Kh4 d3 48. Kg3 Bh7 49. Kf2 h4 50. Ke3 h3 51. gxh3 gxh3 52. Kf3 Bg8 53. Kg3 Be6 54. Kh2 Kc6 55. Kg3 Kd6 56. Kh2 Ke7 57. Kg3 Bg4 58. Kh2 Kf6 59. Kg3 Kg5 60. b5 h2 61. Kxh2 Kf4 62. b6 Bc8 63. Nc4 Bb7 64. Kg2 Bxe4+ 65. Kf2 Bd5 66. Nxe5 Kxe5 67. Ke3 Be4 68. b7 Bxb7 69. Kxd3 Kd5 1/2-1/2

[Event "SWE-chT 0001"]
[Site "Sweden"]
[Date "2001.03.16"]
[Round "9"]
[White "Carlsson, Pontus"]
[Black "Petkovic, Peter"]
[Result "1-0"]
[WhiteElo "2401"]
[BlackElo "2229"]
[PlyCount "45"]
[EventDate "2000.10.13"]
[EventType "team"]
[EventRounds "11"]
[EventCountry "SWE"]
[SourceTitle "EXT 2006"]
[Source "ChessBase"]
[SourceDate "2005.11.24"]
[SourceVersion "1"]
[SourceVersionDate "2005.11.24"]
[SourceQuality "1"]
[WhiteTeam "Sollentuna"]
[BlackTeam "Kirsebergs"]
[WhiteTeamCountry "SWE"]
[BlackTeamCountry "SWE"]

1. e4 c5 2. Nf3 d6 3. Bb5+ Bd7 4. Bxd7+ Qxd7 5. 0-0 Nc6 6. c3 d5 7. exd5 Qxd5 8. d4 e6 9. Be3 Rd8 10. Qa4 cxd4 11. Nxd4 a6 12. Na3 Bd6 13. Rad1 Qh5 14. Nf3 Nge7 15. Bb6 Rd7 16. Nc4 Nc8 17. Nxd6+ Nxd6 18. Nd4 Nc8 19. Nxc6 Nxb6 20. Rxd7 Kxd7 21. Ne5+ Kc7 22. Qa5 f6 23. Qc5+ 1-0

[Event "SWE-chT 0001"]
[Site "Sweden"]
[Date "2001.03.03"]
[Round "8"]
[White "Petkovic, Peter"]
[Black "Friberg, Hans"]
[Result "0-1"]
[WhiteElo "2229"]
[BlackElo "2213"]
[PlyCount "110"]
[EventDate "2000.10.13"]
[EventType "team"]
[EventRounds "11"]
[EventCountry "SWE"]
[SourceTitle "EXT 2006"]
[Source "ChessBase"]
[SourceDate "2005.11.24"]
[SourceVersion "1"]
[SourceVersionDate "2005.11.24"]
[SourceQuality "1"]
[WhiteTeam "Kirsebergs"]
[BlackTeam "Skara"]
[WhiteTeamCountry "SWE"]
[BlackTeamCountry "SWE"]

1. e4 Nf6 2. e5 Nd5 3. Bc4 e6 4. d4 Nb6 5. Bb3 Nc6 6. c3 d6 7. exd6 cxd6 8. Nf3 Be7 9. 0-0 0-0 10. Re1 Bf6 11. Bf4 Ne7 12. Nbd2 Nbd5 13. Bg3 Nf5 14. Bxd5 exd5 15. Qb3 Nxg3 16. hxg3 Qa5 17. Re3 Rb8 18. Rae1 Be6 19. Nf1 b5 20. a3 Qa4 21. Qa2 b4 22. cxb4 Rxb4 23. b3 Qa5 24. Qb2 Rb6 25. Rc3 Rfb8 26. b4 Qb5 27. Qd2 h6 28. Ne3 Bd8 29. g4 a5 30. bxa5 Ra6 31. Nf5 Bxf5 32. gxf5 Bxa5 33. f6 Bxc3 34. Qxc3 Re8 35. fxg7 Raa8 36. Ra1 Re4 37. Qc7 Re6 38. Nh4 Qb2 39. Rd1 Qe2 40. Qc1 Qh5 41. g3 Kxg7 42. Rd3 Rae8 43. Kg2 Rf6 44. Rf3 Rxf3 45. Nxf3 Qf5 46. a4 Re7 47. Qa3 Rc7 48. a5 Qe4 49. Qxd6 Rc3 50. Qe5+ Qxe5 51. Nxe5 Rc7 52. Ng4 Ra7 53. Kf3 h5 54. Ne3 Rxa5 55. Ng2 Kf6 0-1

[Event "SWE-chT 0001"]
[Site "Sweden"]
[Date "2001.01.20"]
[Round "6"]
[White "Eriksson, Magnus2222"]
[Black "Petkovic, Peter"]
[Result "1/2-1/2"]
[WhiteElo "2389"]
[BlackElo "2229"]
[PlyCount "68"]
[EventDate "2000.10.13"]
[EventType "team"]
[EventRounds "11"]
[EventCountry "SWE"]
[SourceTitle "EXT 2006"]
[Source "ChessBase"]
[SourceDate "2005.11.24"]
[SourceVersion "1"]
[SourceVersionDate "2005.11.24"]
[SourceQuality "1"]
[WhiteTeam "Limhamn"]
[BlackTeam "Kirsebergs"]
[WhiteTeamCountry "SWE"]
[BlackTeamCountry "SWE"]

1. d4 Nf6 2. Nf3 e6 3. g3 b6 4. Bg2 Bb7 5. 0-0 Be7 6. c4 0-0 7. Nc3 d6 8. d5 e5 9. e4 a5 10. Ne1 Ba6 11. b3 Ne8 12. Nd3 Bf6 13. Be3 Nd7 14. Qd2 Nc5 15. Rab1 Qe7 16. Rbe1 Nxd3 17. Qxd3 g6 18. f4 exf4 19. gxf4 Bh4 20. Re2 Ng7 21. Nb5 Rfe8 22. Nd4 Bc8 23. Nc6 Qd7 24. Bc1 Bb7 25. Nd4 Bf6 26. Kh1 Re7 27. Bh3 Qe8 28. Ba3 Bxd4 29. Qxd4 Bc8 30. Bxc8 Qxc8 31. Qf6 Qh3 32. Rfe1 Qf3+ 33. Rg2 Rxe4 34. Rxe4 Qf1+ 1/2-1/2

[Event "SWE-chT 0001"]
[Site "Sweden"]
[Date "2000.10.14"]
[Round "2"]
[White "Olsson, Anders"]
[Black "Petkovic, Peter"]
[Result "1-0"]
[WhiteElo "2344"]
[BlackElo "2229"]
[PlyCount "69"]
[EventDate "2000.10.13"]
[EventType "team"]
[EventRounds "11"]
[EventCountry "SWE"]
[SourceTitle "EXT 2006"]
[Source "ChessBase"]
[SourceDate "2005.11.24"]
[SourceVersion "1"]
[SourceVersionDate "2005.11.24"]
[SourceQuality "1"]
[WhiteTeam "Stockholm Rockaden"]
[BlackTeam "Kirsebergs"]
[WhiteTeamCountry "SWE"]
[BlackTeamCountry "SWE"]

1. e4 c5 2. Nf3 d6 3. d4 cxd4 4. Nxd4 Nf6 5. Nc3 g6 6. Be2 Bg7 7. 0-0 Nc6 8. Be3 0-0 9. Nb3 Be6 10. Qc1 Rc8 11. Bh6 Na5 12. Bxg7 Kxg7 13. Qe3 a6 14. Nd4 Bc4 15. Rad1 Qc7 16. f4 Bxe2 17. Ncxe2 Nc4 18. Qc1 Nxe4 19. b3 Nb6 20. f5 Qc5 21. Rd3 Qe5 22. Rh3 g5 23. f6+ exf6 24. c4 Rc5 25. Qe3 Rh8 26. Nf5+ Kf8 27. Ned4 d5 28. Re1 Nc8 29. cxd5 Ncd6 30. Qf2 Qxd5 31. Nxd6 Nxd6 32. Qxf6 Kg8 33. Rhe3 Rc8 34. Re7 h5 35. Ne6 1-0